Estatísticas para Discografia do Led Zeppelin

Clique aqui para jogar o quiz

Estatísticas Gerais

  • Esse quiz foi jogado 5 vezes
  • A pontuação média é 8 de 9

Estatísticas das Respostas

Ano de lançamentoÁlbum% Correto
1969 (Janeiro)Led Zeppelin
100%
1969 (Outubro)Led Zeppelin II
100%
1970Led Zeppelin III
100%
1971Led Zeppelin IV
100%
1975Physical Graffiti
100%
1973Houses of the Holy
75%
1976Presence
75%
1982Coda
50%
1979In Through the Out Door
50%

Distribuição das Pontuações

Percentil de Números Respondidos

Porcentagem de Pessoas com Cada Pontuação

Sua Pontuação Histórica

Você não jogou esse quiz